000 01242nam0a22003011 4500
001 rc\320091
005 20250621034250.0
010 _a5-10-000896-2
_93900
035 _a(NLR Aleph) 005554653
090 _a5847294
_c5847294
100 _a20030307d1990 |||y0rusy50 ca
101 0 _arus
102 _aRU
105 _aa |||||||||
200 1 _aАвтоматизация сахарного производства
_fЗ.С. Волошин, Л.П. Макаренко, П.В. Яцковский
205 _a2-е изд., перераб. и доп.
210 _aМ.
_cАгропромиздат
_d1990
215 _a271 с.
_cил.
_d21
300 _a1-е изд.: Автоматизация свеклосахарного производства / З.С. Волошин, Л.П. Макаренко, А.А. Рокитский, П.В. Яцковский
320 _aБиблиогр.: с. 270
700 1 _aВолошин
_bЗ.С.
_gЗигфрид Соломонович
701 1 _aМакаренко
_bЛ.П.
_gЛеонид Павлович
701 1 _aЯцковский
_bП.В.
_gПавел Викторович
801 0 _aRU
_bNLR
_gpsbo
801 1 _aRU
_bELAR
_2rusmarc
852 _aNLR
_j90-5/939
942 _cBOOK
980 _aNB